000 00417 a2200145 4500
999 _c9416
_d9416
020 _a9781447300410
050 _aHV 6401 WHI 2013
100 _aWhite, Rob
_eauthor
245 _aEnvironmental harm:
_ban eco-justice perspective/
_cRob White
264 _aBristol:
_bPolicy Press;
_c2014
300 _a203p.:
500 _aIncludes index
650 _aCriminology
_xEnvironmental justice
942 _2lcc
_cBK
_h6401
_iWHI
_kHV